Δημογραφία

Αποθηκεύτηκε σε:
Λεπτομέρειες βιβλιογραφικής εγγραφής
Κύριος συγγραφέας: Σιάμπος, Γεώργιος Σ.
Μορφή: Βιβλίο
Γλώσσα:Greek
Δημοσίευση: Αθήνα : Το οικονομικό, 1993
Θέματα:
Ετικέτες: Προσθήκη ετικέτας
Δεν υπάρχουν, Καταχωρήστε ετικέτα πρώτοι!

MARC

LEADER 00000cam a2200000 i 4500
001 1/15751
008 980713s1993 gre d
020 |a 960-255-151-8 
035 |l 10019948 
040 |a GR-MY-UA  |b gre  |e aacr 
041 0 |a gre 
082 0 |a 304.6 
100 1 |a Σιάμπος, Γεώργιος Σ. 
245 1 0 |a Δημογραφία /  |c Γεωργίου Σ. Σιαμπου 
260 |a Αθήνα :   |b Το οικονομικό,   |c 1993 
300 |a 496 σ.;  |c 24 εκ. 
504 |a Περιέχει Αγγλο-Ελληνικό γλωσσάριο δημογραφικών όρων και βιβλιογραφία 
650 0 0 |a Demography. 
852 |a INST  |b LESVOS  |e 19980713  |h 304.6 ΣΙΑ  |p 005100013191  |q 005100013191  |t BK  |y 0 
852 |a INST  |b LESVOS  |e 19980713  |h 304.6 ΣΙΑ  |p 005100013192  |q 005100013192  |t BK  |y 0 
852 |a INST  |b LESVOS  |e 19980713  |h 304.6 ΣΙΑ  |p 005100013193  |q 005100013193  |t BK  |y 0 
852 |a INST  |b LESVOS  |e 19980713  |h 304.6 ΣΙΑ  |p 005100013194  |q 005100013194  |t BK  |y 0 
852 |a INST  |b LESVOS  |e 19980713  |h 304.6 ΣΙΑ  |p 005100013195  |q 005100013195  |t BK  |y 0 
852 |a INST  |b LESVOS  |e 20110329  |h 304.6 ΣΙΑ  |p 005100049207  |q 005100049207  |t BK  |y 0 
852 |a INST  |b SAMOS  |e 20021202  |h 304.6 ΣΙΑ  |p 005300024308  |q 005300024308  |t BK  |y 23 
852 |a INST  |b SAMOS  |e 20021202  |h 304.6 ΣΙΑ  |p 005300024309  |q 005300024309  |t BK  |y 0 
852 |a INST  |b SAMOS  |e 20021202  |h 304.6 ΣΙΑ  |p 005300024310  |q 005300024310  |t BK  |y 0 
852 |a INST  |b SAMOS  |e 20021202  |h 304.6 ΣΙΑ  |p 005300024311  |q 005300024311  |t BK  |y 0 
852 |a INST  |b SAMOS  |e 20021202  |h 304.6 ΣΙΑ  |p 005300024312  |q 005300024312  |t BK  |y 0 
901 |a BIBL3-2002-3 
901 |a BIBL-1998-3 
901 |a BIBL1-2011-1 
909 |a Σ  |b 087741 
909 |a Σ  |b 087742 
909 |a Σ  |b 087743 
909 |a Σ  |b 087744 
909 |a Σ  |b 087745 
909 |a Λ  |b 058120 
909 |a Λ  |b 058121 
909 |a Λ  |b 058122 
909 |a Λ  |b 058123 
909 |a Λ  |b 058124 
909 |a Λ  |b 167758 
922 |a 1ΕΛΗ  |b 199806  |c ΚΠΣ/ΤΓ  |d EMVASIS 
950 |a 118-1998-03-26